Alexander Hamilton Lyrics - Statistics

General Stats
  • This quiz has been taken 97 times
  • The average score is 358 of 500
Answer Stats
Hint Answer % Correct
a
97%
do
90%
of
90%
Aaron Burr How
88%
or
88%
son
88%
and
87%
does
87%
i
87%
orphan
86%
whore
86%
Alex
84%
"Alex
84%
be
83%
for
83%
Hamilton
83%
hamilton
83%
in
83%
In
83%
the
83%
Aaron Burr The
83%
Alexander Hamilton | Ensemble Alexander
82%
alexander
82%
bastard
82%
got
82%
you
82%
with
81%
father
79%
middle
79%
to
79%
your
79%
forgotten
78%
he
78%
man
78%
man"
78%
man?
78%
ten
78%
we
78%
just
77%
Alexander Hamilton Just
77%
name
77%
spot
77%
James Madison/ Hercules Mulligan Then
77%
without
77%
caribbean
75%
every
75%
founding
75%
up
75%
wait
75%
what
75%
Eliza Schuyler/Hamilton When
75%
when
75%
but
74%
by
74%
dollar
74%
him
74%
my
74%
scotsman
74%
Aaron Burr There
74%
dropped
73%
is
73%
mother
73%
there's
73%
they
73%
things
73%
What's
73%
workin'
73%
being
71%
Being
71%
can
71%
done
71%
gotta
71%
grow
71%
havent
71%
his
71%
Aaron Burr His
71%
million
71%
are
70%
hero
70%
scholar?
70%
was
70%
better
69%
cousin
69%
know
69%
lot
69%
new
69%
New
69%
smarter
69%
"this
69%
went
69%
yourself"
69%
day
68%
down
68%
George Washington Moved
68%
never
68%
quick
68%
said
68%
slaves
68%
were
68%
York
68%
committed
66%
from
66%
"Get
66%
get
66%
it
66%
land
66%
on
66%
see
66%
suicide
66%
waitin'
66%
world
66%
can't
65%
fend
65%
fourteen
65%
insane,
65%
left
65%
nothin'
65%
Self-starter
65%
while
65%
working
65%
around
64%
came
64%
don't
64%
gonna
64%
harder
64%
if
64%
kid
64%
late
64%
mainland
64%
nothing
64%
Oh
64%
oh
64%
ship
64%
sick
64%
afford
62%
all
62%
away
62%
cane
62%
drip
62%
first
62%
forget
62%
hurricane
62%
inside
62%
landlord
62%
mothers
62%
send
62%
started
62%
sugar
62%
will
62%
word
62%
worlds
62%
wrote
62%
brain
61%
collection
61%
dead
61%
dripping
61%
same
61%
shelf
61%
take
61%
time
61%
tradin'
61%
as
60%
been
60%
charge
60%
education
60%
future
60%
harbor
60%
now
60%
pencil
60%
placed
60%
put
60%
saw
60%
saying
60%
slaughtered
60%
testament
60%
took
60%
trading
60%
voice
60%
beg
58%
charter
58%
drain
58%
full
58%
overcame?
58%
pain
58%
ruined
58%
something
58%
steal
58%
america
57%
back
57%
carted
57%
connected
57%
guard
57%
kept
57%
less
57%
own
57%
pride
57%
readin'
57%
refrain
57%
scent
57%
split
57%
their
57%
thick
57%
wings
57%
Would've
57%
years
57%
barter
56%
book
56%
borrow
56%
hands
56%
immigrant
56%
someone
56%
temple
56%
bed-ridden
55%
bottom
55%
bow
55%
coming
55%
sings
55%
sittin'
55%
brother
53%
part
53%
providence
53%
squalor
53%
two
53%
Aaron Burr another
52%
astute
52%
Devastation
52%
game?
52%
ready
52%
half-dead
51%
destitute
49%
further
49%
learned
49%
longing
49%
retreatin'
49%
rewrote
49%
rum
49%
clerkin'
48%
could
48%
debt-ridden
48%
our
48%
stands
48%
waves
48%
whence
48%
across
47%
Impoverished
47%
later
47%
struggled
47%
reigned
45%
cent
44%
restitution
43%
Aaron Burr Well
43%
enemies
42%
headed
40%
treatise
40%
Aaron Burr & Ensemble Scammin'
39%
Aaron Burr & Ensemble Plannin'
38%
Ensemble ooh
16%
Would've ve
0%
No matching quizzes found
Score Distribution
Percent of People with Each Score
Percentile by Number Answered
Your Score History
You have not taken this quiz